[Event "TOP 16 - Final A"]
[Site "TOP16-Final-A"]
[Date "2021.01.16"]
[Round "4"]
[White "Tander"]
[Black "Nikame"]
[Result "1/2-1/2"]
[WhiteElo "2019"]
[BlackElo "1931"]
[Annotator "TA"]
[PlyCount "98"]
[EventDate "2021.01.16"]
[EventType "blitz"]

{[%evp 17,98,35,54,50,51,42,67,67,68,55,55,55,74,75,135,154,140,138,166,63,105,103,108,109,97,107,233,220,243,201,185,185,261,254,256,158,170,181,177,174,185,175,230,223,275,0,0,0,160,154,176,150,162,31,162,162,135,135,345,310,300,284,374,359,415,415,402,389,520,0,306,0,505,481,453,396,388,0,428,337,348,0,409]} 1. e4 g6 2. d4 Bg7 3. Nc3 d6 4. f4 Nf6 5. Nf3 c5 6. Bb5+ Bd7 7. e5 Ng4 8. h3 Bxb5 9. Nxb5 dxe5 10. hxg4 {B09: Pirc Defence: Austrian Attack.} Qa5+ 11. c3 {Threatens to win with Qb3.} Qxb5 12. dxe5 {White is slightly better.} ({Don't play} 12. fxe5 cxd4 13. a4 (13. Qxd4 Nc6 $17 {[%mdl 64] Double Attack}) 13... Qd5 $15) 12... Nc6 13. Qe2 Qxe2+ 14. Kxe2 {[#]} f6 $146 {[%cal Rf6e5]} ({Predecessor:} 14... h6 15. Be3 b6 16. Rad1 Rd8 17. Nd2 Kd7 18. a4 Kc7 19. Nc4 Rxd1 20. Rxd1 {½-½ (72) Montheard,X (2220)-Vigus,J (2260) Clichy 1998}) 15. e6 f5 (15... Nd8 $142) 16. gxf5 $16 gxf5 17. Be3 b6 18. Rad1 ({Better is} 18. Rh5 $1 $18) 18... Nd8 19. Nh4 O-O 20. Rd5 Nxe6 21. Nxf5 Bf6 (21... Rf7 $16) 22. g4 $18 Rad8 23. Rxd8 Nxd8 24. Rd1 Nc6 (24... Kf7 $142 25. Rd7 h5) 25. Rd7 h5 26. gxh5 {Hoping for Rc7.} Kf7 {intending ...Ke6.} 27. Rc7 Ke6 28. Ng3 ({But not} 28. Rxc6+ $6 Kxf5 29. a4 Rg8 $14) 28... Kd6 29. Rb7 Bg7 (29... Rh8 $142 30. Kf3 Ke6) 30. Ne4+ Kd5 31. Kf3 (31. Ng5 $18) 31... Ne5+ $1 $11 32. Ke2 {aiming for h6.} Kxe4 $2 (32... Nc6 $1 $11 33. Ng5 Rd8) 33. fxe5 $16 Bxe5 34. Rxe7 $11 {[%mdl 4096] Endgame KRB-KRB} Rg8 35. Bf2 ({White should play} 35. h6 $1 $18) 35... Rg2 (35... Rh8 $1 $14) 36. h6 $18 Rh2 37. h7 Kf5 $2 (37... a5 $16 {was worth a try.} 38. Kf1 Rh5) 38. Kf3 ({Much less strong is} 38. Rxa7 Ke6) 38... Rh3+ {[#]} 39. Kg2 $1 Rh6 40. Rxa7 Bf6 41. Kf3 Rh3+ 42. Ke2 Rh2 43. Kf3 Rh3+ $1 {[#]} 44. Ke2 $2 (44. Bg3 $1) 44... Rh2 $1 45. Rb7 Be5 46. Kf3 Rh3+ 47. Ke2 Rh2 48. Ke1 Rh1+ 49. Ke2 Rh2 {[%mdl 32768] Weighted Error Value: White=0.63/Black=0.37. An unexpected result.} 1/2-1/2

[Event "TOP 16 - Final A"]
[Site "TOP16-Final-A"]
[Date "2021.01.16"]
[Round "5"]
[White "Christian Bauer"]
[Black "Pierre35"]
[Result "1-0"]
[WhiteElo "2448"]
[BlackElo "2087"]
[Annotator "NA RC"]
[PlyCount "63"]
[EventDate "2021.01.16"]
[EventType "blitz"]

1. e4 {[%emt 0:00:01]} e5 {[%emt 0:00:06]} 2. Nf3 {[%emt 0:00:01]} Nc6 {[%emt 0:00:01]} 3. Bc4 {[%emt 0:00:01]} Nf6 {[%emt 0:00:02]} 4. d3 {[%emt 0:00:01]} Be7 {[%emt 0:00:03]} 5. O-O {[%emt 0:00:01]} O-O {[%emt 0:00:02]} 6. Re1 {[%emt 0:00:01]} d6 {[%emt 0:00:02]} 7. a3 {[%emt 0:00:01]} Be6 {[%emt 0:00:20]} 8. Nbd2 {[%emt 0:00:02]} Qd7 {[%emt 0:00:12]} 9. c3 {[%emt 0:00:02]} a6 {[%emt 0:00:21]} 10. Bxe6 {[%emt 0:00:30]} fxe6 {[%emt 0:00:06]} 11. d4 {[%emt 0:00:06]} exd4 {[%emt 0:01:26]} 12. cxd4 {[%emt 0:00:00]} e5 {[%emt 0:00:26]} 13. d5 {[%emt 0:00:21]} Nd8 {[%emt 0:00:02]} 14. Nc4 {[%emt 0:00:05]} Rb8 {[%emt 0:00:39]} 15. Bd2 {[%emt 0:00:38]} c5 {[%emt 0:00:20]} 16. b4 {[%emt 0:00:17]} b5 {[%emt 0:00:15]} 17. Na5 {[%emt 0:00:05]} c4 {[%emt 0:00:21]} 18. a4 {[%emt 0:00:01]} Rc8 {[%emt 0:00:06]} 19. Ra3 {[%emt 0:00:35]} h6 {[%emt 0:00:07]} 20. Qe2 {[%emt 0:00:55]} Nf7 {[%emt 0:00:40]} 21. Nc6 {[%emt 0:00:08]} Rxc6 {[%emt 0:00:03]} 22. dxc6 {[%emt 0:00:02]} Qxc6 {[%emt 0:00:01]} 23. axb5 {[%emt 0:00:01]} axb5 {[%emt 0:00:01]} 24. Bc3 {[%emt 0:00:07]} Ra8 {[%emt 0:00:22]} 25. Rxa8+ {[%emt 0:00:08]} Qxa8 {[%emt 0:00:00]} 26. Nh4 {[%emt 0:00:14]} Bf8 {[%emt 0:00:30]} 27. Nf5 {[%emt 0:00:41]} g6 {[%emt 0:01:13]} 28. Nh4 {[%emt 0:00:07]} Kg7 {[%emt 0:00:17]} 29. f4 {[%emt 0:00:09]} Qa3 {[%emt 0:00:10]} 30. Qf3 {[%emt 0:00:14]} exf4 {[%emt 0:00:13]} 31. Bxf6+ {[%emt 0:00:02]} Kxf6 {[%emt 0:00:00]} 32. Qxa3 {[%emt 0:00:01] Pierre35 resigns (Lag: Av=0.72s, max=1.2s)} 1-0

[Event "TOP 16 - Final A"]
[Site "TOP16-Final-A"]
[Date "2021.01.16"]
[Round "5"]
[White "Yvesandre2"]
[Black "SFeller"]
[Result "0-1"]
[WhiteElo "2266"]
[BlackElo "2156"]
[Annotator "TA"]
[PlyCount "86"]
[EventDate "2021.01.16"]
[EventType "blitz"]

{[%evp 10,86,24,23,23,27,22,33,33,25,16,12,22,21,21,13,27,32,64,43,57,65,54,-6,-12,0,0,-52,-70,-48,19,16,18,23,52,43,47,1,57,-35,7,-110,-117,-110,-109,-115,-144,-131,-125,-246,-116,-139,-157,-117,-97,-75,-70,-100,-99,-99,-91,-92,-67,-156,-146,-244,-243,-243,-235,-430,-403,-970,-787,-782,-589,-729,-714,-714,-714]} 1. d4 d5 2. c4 c6 3. Nc3 Nf6 4. e3 Bf5 5. cxd5 cxd5 6. Qb3 Nc6 $1 {[%mdl 4] is recently more successful than 6...Bc8. D10: Slav Defence: 3 cxd5 (without early Nf3) and 3 Nc3.} 7. Qxb7 Bd7 $1 {White should prevent ...Rb8.} 8. Qb3 Rb8 {White is slightly better.} 9. Qd1 e5 10. Nf3 Bd6 11. dxe5 Nxe5 12. Be2 O-O 13. O-O Nxf3+ 14. Bxf3 Qc7 15. g3 Rfd8 {[#]} 16. Rb1 $146 ({White should play} 16. Ne2 $14) ({Predecessor:} 16. Nxd5 Nxd5 17. Bxd5 Bb5 18. Re1 Bb4 19. e4 Bxe1 20. Qxe1 Qd7 21. Bg5 Re8 22. Qc3 {½-½ (77) Jones,G (2657)-Dvirnyy,D (2552) Gjakova 2016}) 16... Bf5 17. Ra1 Be5 18. Ne2 (18. Qe2 $11) 18... Bc2 $1 $15 {[%cal Rc2d1]} 19. Qe1 Ne4 (19... Re8 $15) 20. Nd4 $11 Bxd4 21. exd4 {And now Bf4 would win.} Qb6 22. Bf4 Rbc8 23. b3 Re8 (23... Bd3 $11) 24. Bg4 ({White should try} 24. Be3 $1 $14) 24... f5 (24... Nxg3 {with more complications.} 25. Bxc8 Rxe1 26. Raxe1 Ne4 27. f3 Qxd4+ 28. Be3 Qc3) 25. Bxf5 {[#]} (25. Bh5 $11 g6 26. Be2) 25... Ng5 $1 $36 {[%cal Rg5f3][%mdl 2560] Black has strong initiative.} 26. Bxg5 Rxe1 27. Bxc8 Rxa1 28. Rxa1 Qxd4 29. Re1 (29. Be6+ $17 Kf8 30. Rc1) 29... Be4 (29... Qc3 $19 30. Be6+ Kh8) 30. Be6+ Kh8 {[%mdl 1024] Black has strong compensation.} 31. Be3 Qf6 32. Bg4 h6 33. f3 Bf5 34. Bxf5 Qxf5 {[%mdl 4096] Endgame KQ-KRB} 35. Kf2 Qd3 36. Bxa7 (36. h4 $15) 36... d4 37. Re4 (37. Bb8 $17 {is a better defense.}) 37... Qd2+ $19 38. Re2 {[#]} Qc3 {White must now prevent ...d3.} 39. Re8+ $2 (39. Bxd4 Qxd4+ 40. Kg2) 39... Kh7 40. Rd8 (40. Bxd4 $142 Qxd4+ 41. Re3) 40... Qd2+ {Black is clearly winning.} 41. Kf1 d3 42. Bd4 Qe2+ 43. Kg1 d2 {[%cal Rd2d1] Weighted Error Value: White=0.46/Black=0.22} 0-1

[Event "TOP 16 - Final A"]
[Site "TOP16-Final-A"]
[Date "2021.01.16"]
[Round "5"]
[White "Pastouche06"]
[Black "Tigran1984"]
[Result "1/2-1/2"]
[WhiteElo "2189"]
[BlackElo "2806"]
[Annotator "NA RC"]
[PlyCount "79"]
[EventDate "2021.01.16"]
[EventType "blitz"]

1. d4 {[%emt 0:00:03]} d6 {[%emt 0:00:03]} 2. c4 {[%emt 0:00:07]} e5 {[%emt 0:00:02]} 3. d5 {[%emt 0:00:01]} Be7 {[%emt 0:00:01]} 4. Nc3 {[%emt 0:00:11]} Bg5 {[%emt 0:00:05]} 5. e3 {[%emt 0:00:30]} Bh6 {[%emt 0:00:25]} 6. Bd3 {[%emt 0:00:11]} f5 {[%emt 0:00:08]} 7. Nge2 {[%emt 0:00:38]} Nf6 {[%emt 0:00:08]} 8. Ng3 {[%emt 0:00:38]} e4 {[%emt 0:00:13]} 9. Bc2 {[%emt 0:00:24]} O-O {[%emt 0:00:02]} 10. O-O {[%emt 0:00:16]} g6 {[%emt 0:00:06]} 11. f4 {[%emt 0:00:13]} exf3 {[%emt 0:00:38]} 12. gxf3 {[%emt 0:00:00]} Nbd7 {[%emt 0:00:10]} 13. b3 {[%emt 0:00:40]} Qe7 {[%emt 0:00:09]} 14. Qd2 {[%emt 0:00:20]} a6 {[%emt 0:00:20]} 15. f4 {[%emt 0:00:34]} Bg7 {[%emt 0:00:47]} 16. Bb2 {[%emt 0:00:06]} Nc5 {[%emt 0:00:02]} 17. b4 {[%emt 0:00:27]} Nce4 {[%emt 0:00:07]} 18. Ncxe4 {[%emt 0:00:15]} Nxe4 {[%emt 0:00:23]} 19. Bxe4 {[%emt 0:00:03]} Bxb2 {[%emt 0:00:03]} 20. Qxb2 {[%emt 0:00:00]} fxe4 {[%emt 0:00:01]} 21. Qc2 {[%emt 0:00:22]} Bf5 {[%emt 0:00:04]} 22. c5 {[%emt 0:00:16]} a5 {[%emt 0:00:06]} 23. a3 {[%emt 0:00:23]} Qf6 {[%emt 0:00:03]} 24. Nxf5 {[%emt 0:00:38]} gxf5 {[%emt 0:00:04]} 25. bxa5 {[%emt 0:00:26]} Rxa5 {[%emt 0:00:12]} 26. cxd6 {[%emt 0:00:01]} cxd6 {[%emt 0:00:16]} 27. Kh1 {[%emt 0:00:06]} Kh8 {[%emt 0:00:07]} 28. Qb3 {[%emt 0:00:01]} Rf7 {[%emt 0:00:50]} 29. Rac1 {[%emt 0:00:08]} h6 {[%emt 0:00:03]} 30. Rc8+ {[%emt 0:00:11]} Kh7 {[%emt 0:00:01]} 31. Rg1 {[%emt 0:00:01]} Rc5 {[%emt 0:00:12]} 32. Rxc5 {[%emt 0:00:13]} dxc5 {[%emt 0:00:00]} 33. d6 {[%emt 0:00:03]} Rg7 {[%emt 0:00:45]} 34. Rxg7+ {[%emt 0:00:03]} Qxg7 {[%emt 0:00:00]} 35. Qe6 {[%emt 0:00:05]} Qg4 {[%emt 0:00:06]} 36. Qf7+ {[%emt 0:00:07]} Kh8 {[%emt 0:00:01]} 37. Qf8+ {[%emt 0:00:01]} Kh7 {[%emt 0:00:01]} 38. Qf7+ {[%emt 0:00:00]} Kh8 {[%emt 0:00:01]} 39. Qf8+ {[%emt 0:00:03]} Kh7 {[%emt 0:00:01]} 40. Qf7+ {[%emt 0:00:01] (Lag: Av=0.79s, max=1.2s)} 1/2-1/2

[Event "TOP 16 - Final A"]
[Site "TOP16-Final-A"]
[Date "2021.01.16"]
[Round "5"]
[White "Burrito2001"]
[Black "Tander"]
[Result "1-0"]
[WhiteElo "2132"]
[BlackElo "2015"]
[Annotator "NA RC"]
[PlyCount "35"]
[EventDate "2021.01.16"]
[EventType "blitz"]

1. d4 {[%emt 0:00:02]} e6 {[%emt 0:00:01]} 2. c4 {[%emt 0:00:01]} Nf6 {[%emt 0:00:01]} 3. Nc3 {[%emt 0:00:01]} Bb4 {[%emt 0:00:04]} 4. Bd2 {[%emt 0:00:01]} O-O {[%emt 0:00:13]} 5. Nf3 {[%emt 0:00:02]} d5 {[%emt 0:00:11]} 6. e3 {[%emt 0:00:02]} b6 {[%emt 0:00:06]} 7. cxd5 {[%emt 0:00:02]} exd5 {[%emt 0:00:03]} 8. Bd3 {[%emt 0:00:01]} Bb7 {[%emt 0:00:03]} 9. O-O {[%emt 0:00:06]} Nbd7 {[%emt 0:00:01]} 10. Rc1 {[%emt 0:00:02]} a6 {[%emt 0:00:22]} 11. Ne5 {[%emt 0:00:58]} Nxe5 {[%emt 0:00:13]} 12. dxe5 {[%emt 0:00:02]} Nd7 {[%emt 0:00:00]} 13. f4 {[%emt 0:01:08]} Nc5 {[%emt 0:00:02]} 14. Bb1 {[%emt 0:00:20]} d4 {[%emt 0:00:01]} 15. Ne2 {[%emt 0:00:02]} Qd5 {[%emt 0:00:13]} 16. Rf2 {[%emt 0:00:09]} dxe3 {[%emt 0:00:15]} 17. Bxe3 {[%emt 0:00:03]} Qd2 {[%emt 0:00:04]} 18. Bxd2 {[%emt 0:00:04] Tander resigns (Lag: Av=0.91s, max=1.7s)} 1-0

[Event "TOP 16 - Final A"]
[Site "TOP16-Final-A"]
[Date "2021.01.16"]
[Round "5"]
[White "SebyFischer57"]
[Black "ProfTerrieux"]
[Result "1/2-1/2"]
[WhiteElo "2078"]
[BlackElo "2374"]
[Annotator "NA RC"]
[PlyCount "90"]
[EventDate "2021.01.16"]
[EventType "blitz"]

1. d4 {[%emt 0:00:06]} d5 {[%emt 0:00:03]} 2. Nf3 {[%emt 0:00:05]} Nf6 {[%emt 0:00:01]} 3. c4 {[%emt 0:00:01]} dxc4 {[%emt 0:00:01]} 4. e3 {[%emt 0:00:01]} a6 {[%emt 0:00:02]} 5. Bxc4 {[%emt 0:00:02]} b5 {[%emt 0:00:01]} 6. Be2 {[%emt 0:00:01]} Bb7 {[%emt 0:00:02]} 7. O-O {[%emt 0:00:11]} e6 {[%emt 0:00:02]} 8. a4 {[%emt 0:00:01]} b4 {[%emt 0:00:09]} 9. Nbd2 {[%emt 0:00:06]} c5 {[%emt 0:00:10]} 10. b3 {[%emt 0:00:02]} cxd4 {[%emt 0:00:08]} 11. Nxd4 {[%emt 0:00:06]} e5 {[%emt 0:00:22]} 12. N4f3 {[%emt 0:00:53]} e4 {[%emt 0:01:46]} 13. Nd4 {[%emt 0:00:23]} g6 {[%emt 0:00:33]} 14. Bb2 {[%emt 0:00:30]} Bg7 {[%emt 0:00:03]} 15. Rc1 {[%emt 0:01:03]} O-O {[%emt 0:00:03]} 16. Qc2 {[%emt 0:00:08]} Nbd7 {[%emt 0:01:33]} 17. Qc7 {[%emt 0:00:03]} Bd5 {[%emt 0:00:55]} 18. Qxd8 {[%emt 0:00:16]} Rfxd8 {[%emt 0:00:00]} 19. Nc6 {[%emt 0:00:04]} Bxc6 {[%emt 0:00:09]} 20. Rxc6 {[%emt 0:00:00]} a5 {[%emt 0:00:00]} 21. Bd4 {[%emt 0:00:35]} Re8 {[%emt 0:00:46]} 22. Bb5 {[%emt 0:01:09]} Red8 {[%emt 0:00:15]} 23. Rfc1 {[%emt 0:00:23]} Nd5 {[%emt 0:00:19]} 24. Bxg7 {[%emt 0:00:47]} Kxg7 {[%emt 0:00:01]} 25. Nxe4 {[%emt 0:00:01]} Ne5 {[%emt 0:00:01]} 26. R6c2 {[%emt 0:01:00]} h6 {[%emt 0:00:34]} 27. h3 {[%emt 0:00:14]} Rab8 {[%emt 0:00:07]} 28. Rd2 {[%emt 0:00:03]} Nf6 {[%emt 0:00:14]} 29. Rxd8 {[%emt 0:00:03]} Rxd8 {[%emt 0:00:00]} 30. Nxf6 {[%emt 0:00:04]} Kxf6 {[%emt 0:00:00]} 31. f4 {[%emt 0:00:08]} Nd7 {[%emt 0:00:12]} 32. Rd1 {[%emt 0:00:01]} Ke7 {[%emt 0:00:01]} 33. e4 {[%emt 0:00:02]} Nc5 {[%emt 0:00:02]} 34. Rxd8 {[%emt 0:00:02]} Kxd8 {[%emt 0:00:01]} 35. Bc4 {[%emt 0:00:01]} Ke7 {[%emt 0:00:04]} 36. e5 {[%emt 0:00:01]} Ne4 {[%emt 0:00:06]} 37. Kh2 {[%emt 0:00:09]} f6 {[%emt 0:00:02]} 38. exf6+ {[%emt 0:00:01]} Kxf6 {[%emt 0:00:01]} 39. g4 {[%emt 0:00:00]} g5 {[%emt 0:00:01]} 40. f5 {[%emt 0:00:05]} Ke5 {[%emt 0:00:02]} 41. Kg2 {[%emt 0:00:01]} Kd4 {[%emt 0:00:02]} 42. Bg8 {[%emt 0:00:03]} Nf6 {[%emt 0:00:01]} 43. Bc4 {[%emt 0:00:02]} Ne4 {[%emt 0:00:01]} 44. Bg8 {[%emt 0:00:01]} Nf6 {[%emt 0:00:01]} 45. Bc4 {[%emt 0:00:01]} Ne4 {[%emt 0:00:01] Threefold Rep} 1/2-1/2

[Event "TOP 16 - Final A"]
[Site "TOP16-Final-A"]
[Date "2021.01.16"]
[Round "5"]
[White "Nikame"]
[Black "jncool68"]
[Result "1-0"]
[WhiteElo "1940"]
[BlackElo "2279"]
[Annotator "NA RC"]
[PlyCount "109"]
[EventDate "2021.01.16"]
[EventType "blitz"]

1. d4 {[%emt 0:00:05]} Nf6 {[%emt 0:00:02]} 2. Nf3 {[%emt 0:00:01]} e6 {[%emt 0:00:01]} 3. c4 {[%emt 0:00:03]} Bb4+ {[%emt 0:00:02]} 4. Nc3 {[%emt 0:00:02]} c5 {[%emt 0:00:08]} 5. g3 {[%emt 0:00:15]} Ne4 {[%emt 0:00:19]} 6. Qd3 {[%emt 0:00:05]} cxd4 {[%emt 0:00:02]} 7. Nxd4 {[%emt 0:00:08]} Bxc3+ {[%emt 0:00:08]} 8. bxc3 {[%emt 0:00:04]} Nc5 {[%emt 0:00:00]} 9. Qe3 {[%emt 0:00:03]} d6 {[%emt 0:00:03]} 10. Bg2 {[%emt 0:00:03]} O-O {[%emt 0:00:01]} 11. O-O {[%emt 0:00:02]} a6 {[%emt 0:00:01]} 12. Rd1 {[%emt 0:00:04]} Qc7 {[%emt 0:00:01]} 13. Rb1 {[%emt 0:00:17] jncool68 reconnected.} e5 {[%emt 0:00:33]} 14. Nb3 {[%emt 0:00:03]} Be6 {[%emt 0:00:01]} 15. Nxc5 {[%emt 0:00:03]} dxc5 {[%emt 0:00:01]} 16. Rxb7 {[%emt 0:00:03]} Qa5 {[%emt 0:00:10]} 17. Qxe5 {[%emt 0:00:08]} Qa4 {[%emt 0:00:05]} 18. Rb3 {[%emt 0:00:31]} Nc6 {[%emt 0:00:02]} 19. Qxc5 {[%emt 0:00:08]} Rac8 {[%emt 0:00:01]} 20. Qa3 {[%emt 0:00:40]} Qxc4 {[%emt 0:00:08]} 21. Rb2 {[%emt 0:00:31] jncool68 reconnected.} Rfd8 {[%emt 0:00:43]} 22. Re1 {[%emt 0:01:22]} h6 {[%emt 0:00:12]} 23. Be3 {[%emt 0:00:08]} a5 {[%emt 0:00:24]} 24. h3 {[%emt 0:00:08]} Bd5 {[%emt 0:00:03]} 25. Qc5 {[%emt 0:00:09]} Qxc5 {[%emt 0:00:04]} 26. Bxc5 {[%emt 0:00:01]} Bc4 {[%emt 0:00:08]} 27. Be3 {[%emt 0:00:15]} Ne7 {[%emt 0:00:02]} 28. Reb1 {[%emt 0:00:09]} Nd5 {[%emt 0:00:01]} 29. Bd4 {[%emt 0:00:02]} a4 {[%emt 0:00:01]} 30. e4 {[%emt 0:00:07]} Nc7 {[%emt 0:00:01]} 31. Bb6 {[%emt 0:00:22]} a3 {[%emt 0:00:03]} 32. Rb4 {[%emt 0:00:17]} Bxa2 {[%emt 0:00:06]} 33. Ra1 {[%emt 0:00:01]} Rd2 {[%emt 0:00:03]} 34. Ra4 {[%emt 0:00:09]} Nb5 {[%emt 0:00:01]} 35. Bf1 {[%emt 0:00:09]} Nxc3 {[%emt 0:00:12]} 36. Rxa3 {[%emt 0:00:02]} Be6 {[%emt 0:00:04]} 37. Re1 {[%emt 0:00:12] jncool68 reconnected.} Na2 {[%emt 0:01:05]} 38. Be3 {[%emt 0:00:07]} Rb2 {[%emt 0:00:01]} 39. g4 {[%emt 0:00:12]} Nb4 {[%emt 0:00:01]} 40. Bd4 {[%emt 0:00:14]} Nc2 {[%emt 0:00:02]} 41. Bxb2 {[%emt 0:00:02]} Nxe1 {[%emt 0:00:00]} 42. Re3 {[%emt 0:00:08]} Nc2 {[%emt 0:00:12]} 43. Rc3 {[%emt 0:00:02]} Rxc3 {[%emt 0:00:02]} 44. Bxc3 {[%emt 0:00:00]} Na3 {[%emt 0:00:00]} 45. f4 {[%emt 0:00:04]} g6 {[%emt 0:00:05]} 46. f5 {[%emt 0:00:02]} Bb3 {[%emt 0:00:01]} 47. Kf2 {[%emt 0:00:06]} Nc4 {[%emt 0:00:01]} 48. Bd3 {[%emt 0:00:13]} gxf5 {[%emt 0:00:05]} 49. gxf5 {[%emt 0:00:04]} Nd6 {[%emt 0:00:05]} 50. e5 {[%emt 0:00:02] jncool68 reconnected.} Nc8 {[%emt 0:00:28]} 51. Ke3 {[%emt 0:00:01]} Ne7 {[%emt 0:00:01]} 52. Kd4 {[%emt 0:00:05]} Ba4 {[%emt 0:00:09]} 53. Kc5 {[%emt 0:00:01]} Bd7 {[%emt 0:00:03]} 54. e6 {[%emt 0:00:03]} Be8 {[%emt 0:00:54]} 55. f6 {[%emt 0:00:11] jncool68 abandonne} 1-0

[Event "TOP 16 - Final A"]
[Site "TOP16-Final-A"]
[Date "2021.01.16"]
[Round "5"]
[White "Amiralfio"]
[Black "Bagheri amir"]
[Result "0-1"]
[WhiteElo "1868"]
[BlackElo "2119"]
[Annotator "TA"]
[PlyCount "110"]
[EventDate "2021.01.16"]
[EventType "blitz"]
[BlackTeam "monaco"]

{[%evp 9,110,4,19,13,21,12,20,20,21,3,34,0,0,0,0,2,0,0,4,-32,-35,-33,-22,-22,0,-11,18,-7,22,0,42,-15,-28,-23,-25,-23,-17,-22,-14,-26,-31,-64,-21,-51,0,0,0,0,0,0,0,0,0,-35,-23,-22,-26,-112,-108,-112,-112,-138,-67,-175,-123,-174,-168,-156,-111,-113,-63,-303,-308,-297,-307,-329,-281,-397,-371,-417,-404,-304,-269,-416,-397,-414,-413,-405,-394,-390,-341,-376,-350,-516,-476,-738,-636,-1933,-1788,-1512,-1293,-1010,-960]} 1. d4 Nf6 2. Bf4 e6 3. e3 c5 4. Nc3 cxd4 5. exd4 d6 6. Nf3 {A45: Trompowsky Attack.} Be7 7. Bd3 O-O 8. O-O {The position is equal.} b6 {[#]} 9. a4 $146 ({Predecessor:} 9. Ne4 Bb7 10. Qe2 a6 11. Rfe1 Nxe4 12. Bxe4 Bxe4 13. Qxe4 d5 14. Qd3 Nc6 15. Ne5 Nxe5 16. Bxe5 {1-0 (46) Karakatsanis,N (1907)-Michaelides,K (2282) Rio Achaea 2018}) 9... a6 10. Ne2 Bb7 11. Ng3 Nbd7 12. Re1 Re8 13. Qe2 Bf8 14. Rad1 Qc7 {White must now prevent ...e5!} 15. Bg5 g6 16. h4 Bg7 17. h5 Bc6 18. h6 Bh8 19. b3 Qb7 (19... b5 {looks sharper.} 20. axb5 axb5 21. Bxb5 Bxb5 22. Qxb5 Qxc2 23. Rc1 Qa2) 20. Ne4 (20. c4 $14) 20... Nxe4 $11 21. Bxe4 Bxe4 22. Qxe4 Qxe4 23. Rxe4 d5 24. Re2 Rec8 25. Be7 b5 26. a5 Rc3 (26... Nf6 $15) 27. Bb4 Rc6 28. g4 Rac8 29. c3 Bf6 30. Kf1 Bd8 31. Re3 (31. g5 {feels hotter.} Bc7 32. Kg2 Re8 33. Rh1 Rc8 34. Rc1) 31... Bc7 (31... Nf6 {is more complex.} 32. Ne5 R6c7 33. f3 Ne8 34. Re2 Bg5) 32. g5 Bf4 33. Red3 {[#]} (33. Re2 $11) 33... f6 $1 $17 34. gxf6 Nxf6 35. Bc5 Ng4 ({Black should play} 35... R6c7 $17 36. b4 Ne4) 36. Re1 (36. Ne1 $15) 36... Nxh6 (36... e5 $19 {Hoping for ...e4.} 37. Ng1 e4) 37. Ne5 (37. b4 $17 {was necessary.}) 37... Bxe5 $19 38. Rxe5 Nf7 39. Re2 e5 40. b4 $2 {White does not recover from this.} ({Better is} 40. f3 $15) 40... e4 41. Rg3 Rf6 42. Kg2 Re8 43. Ree3 (43. c4 $142 bxc4 44. Rb2) 43... Nh6 44. Rg5 Rf5 45. Rgg3 Re6 46. f3 (46. Re1 $142) 46... Rxf3 47. Rgxf3 exf3+ 48. Rxf3 {[%mdl 4096] Endgame intending Rf8+. KRB-KRN} Nf5 49. Kf2 Kf7 50. Rh3 h5 51. Rh1 (51. Bb6 $142) 51... h4 {Black is clearly winning.} 52. Kf3 (52. c4 $142 bxc4 53. Ra1) 52... g5 53. Kg4 Kg6 {[#] ( -> ...Re3)} 54. Kf3 Re3+ 55. Kf2 g4 {Weighted Error Value: White=0.48/Black=0.16} 0-1

[Event "TOP 16 - Final A"]
[Site "TOP16-Final-A"]
[Date "2021.01.16"]
[Round "6"]
[White "Tigran1984"]
[Black "SebyFischer57"]
[Result "1-0"]
[WhiteElo "2790"]
[BlackElo "2111"]
[Annotator "NA RC"]
[PlyCount "57"]
[EventDate "2021.01.16"]
[EventType "blitz"]

1. e4 {[%emt 0:00:02]} g6 {[%emt 0:00:01]} 2. d4 {[%emt 0:00:01]} Bg7 {[%emt 0:00:01]} 3. Nf3 {[%emt 0:00:01]} d6 {[%emt 0:00:01]} 4. Bc4 {[%emt 0:00:01]} Nf6 {[%emt 0:00:01]} 5. Qe2 {[%emt 0:00:00]} Nc6 {[%emt 0:00:01]} 6. e5 {[%emt 0:00:04]} dxe5 {[%emt 0:00:01]} 7. dxe5 {[%emt 0:00:00]} Ng4 {[%emt 0:00:01]} 8. Bb5 {[%emt 0:00:03]} O-O {[%emt 0:02:39]} 9. Bxc6 {[%emt 0:00:12]} bxc6 {[%emt 0:00:00]} 10. h3 {[%emt 0:00:06]} Nh6 {[%emt 0:00:02]} 11. O-O {[%emt 0:00:12]} Be6 {[%emt 0:02:02]} 12. Nc3 {[%emt 0:00:18]} Bd5 {[%emt 0:00:34]} 13. Rd1 {[%emt 0:00:40]} Bxf3 {[%emt 0:00:03]} 14. Qxf3 {[%emt 0:00:01]} Qe8 {[%emt 0:00:01]} 15. Bf4 {[%emt 0:00:10]} f6 {[%emt 0:01:47]} 16. exf6 {[%emt 0:00:01]} Rxf6 {[%emt 0:00:00]} 17. Qe4 {[%emt 0:00:12]} Qf7 {[%emt 0:00:09]} 18. Bg3 {[%emt 0:00:02]} Nf5 {[%emt 0:00:13]} 19. Bxc7 {[%emt 0:00:06]} Nd6 {[%emt 0:00:05]} 20. Bxd6 {[%emt 0:00:06]} Rxd6 {[%emt 0:00:02]} 21. Rxd6 {[%emt 0:00:05]} exd6 {[%emt 0:00:00]} 22. Qxc6 {[%emt 0:00:03]} Rf8 {[%emt 0:00:05]} 23. Rf1 {[%emt 0:00:18]} Qe6 {[%emt 0:00:18]} 24. Qe4 {[%emt 0:01:32]} Qxe4 {[%emt 0:00:02]} 25. Nxe4 {[%emt 0:00:00]} Bxb2 {[%emt 0:00:01]} 26. Nxd6 {[%emt 0:00:02]} Rd8 {[%emt 0:00:05]} 27. Ne4 {[%emt 0:00:24]} Rc8 {[%emt 0:00:04]} 28. c3 {[%emt 0:00:05]} Rc4 {[%emt 0:00:02]} 29. Rb1 {[%emt 0:00:08] TimeB} 1-0